[Event "Toronto Closed"]
[Site "Toronto CAN"]
[Date "2010.03.16"]
[Round "8"]
[White "Barron, Michael"]
[Black "Shebetah, Wajdy"]
[Result "1-0"]
[WhiteElo "2368"]
[BlackElo "2226"]
[PlyCount "105"]
[EventDate "2010.01.26"]
[EventType "tourn"]
[EventRounds "9"]
[EventCountry "CAN"]

1. e4 e6 2. d4 d5 3. Nd2 Be7 4. Bd3 Nc6 5. Ngf3 Nb4 6. Be2 dxe4 7. Nxe4 Nf6 8.
Ng3 c5 9. c3 Nc6 10. Bb5 O-O 11. O-O cxd4 12. cxd4 Qb6 13. Qa4 Rd8 14. Be3 Nd5
15. Bxc6 Qxc6 16. Qxc6 bxc6 17. Ne5 Bb7 18. Rac1 Rac8 19. Ne4 f6 20. Nd3 Ba6
21. Rfd1 Nxe3 22. fxe3 Bxd3 23. Rxd3 e5 24. Rc4 exd4 25. exd4 Rb8 26. b3 Rb4
27. Kf2 a5 28. Ke3 f5 29. Ng3 g6 30. Rdc3 Bf6 31. Ne2 c5 32. Rxb4 cxb4 33. Rc5
Ra8 34. Rb5 Be7 35. Nf4 a4 36. Nd5 Bd6 37. Nxb4 axb3 38. axb3 Bxh2 39. Rb7 Rb8
40. Rxb8+ Bxb8 41. Nc6 Bd6 42. b4 Kf7 43. d5 Ke8 44. Kd4 Kd7 45. b5 Kc7 46. Ne5
g5 47. Nc4 Bh2 48. b6+ Kb7 49. Kc5 Bg1+ 50. Kb5 f4 51. Na5+ Kc8 52. b7+ Kc7 53.
d6+ 1-0

[Event "Toronto Closed"]
[Site "Toronto CAN"]
[Date "2010.03.30"]
[Round "8"]
[White "Calugar, Arthur"]
[Black "Plotkin, Victor"]
[Result "0-1"]
[WhiteElo "2340"]
[BlackElo "2384"]
[PlyCount "130"]
[EventDate "2010.01.26"]
[EventType "tourn"]
[EventRounds "9"]
[EventCountry "CAN"]

1. e4 e5 2. Nf3 Nf6 3. d4 exd4 4. e5 Ne4 5. Qxd4 d5 6. exd6 Nxd6 7. Bd3 Nc6 8.
Qf4 Qf6 9. Qxf6 gxf6 10. Bd2 Ne5 11. Nxe5 fxe5 12. Bc3 Bg7 13. O-O O-O 14. Re1
Re8 15. Nd2 Bd7 16. Ne4 Bc6 17. g4 Nb5 18. Bxb5 Bxb5 19. Re3 Bc6 20. Rae1 Rad8
21. h4 f6 22. Ng3 Bf8 23. Nh5 Kf7 24. g5 fxg5 25. hxg5 Bc5 26. Rxe5 Rxe5 27.
Rxe5 Rd1+ 28. Re1 Rxe1+ 29. Bxe1 Kg6 30. Nf4+ Kf5 31. Bd2 Be7 32. Nh3 Kg4 33.
Kh2 Bf3 34. Bf4 c6 35. Bg3 a5 36. a3 a4 37. Bc7 b5 38. Bg3 Bd8 39. Bd6 Bb6 40.
Bg3 Bd4 41. c3 Bb6 42. Bd6 Bd8 43. Bb8 Be7 44. Bc7 c5 45. Bb8 b4 46. cxb4 cxb4
47. axb4 Bxb4 48. Bc7 Bc5 49. Be5 Bb6 50. g6 hxg6 51. Nf4 g5 52. Nh3 Ba7 53.
Nxg5 Kxg5 54. Kg3 Bc6 55. f3 Kf5 56. Bg7 Be3 57. Bh8 Ke6 58. Kg4 Kd5 59. Bf6
Kc4 60. f4 Bd4 61. Be7 Bxb2 62. f5 Bc3 63. f6 Be8 64. Ba3 Kb3 65. Bc1 Bxf6 0-1

[Event "Toronto Closed"]
[Site "Toronto CAN"]
[Date "2010.03.16"]
[Round "8"]
[White "Kleinman, Michael"]
[Black "Kimelman, Michael"]
[Result "1-0"]
[WhiteElo "2154"]
[BlackElo "2249"]
[PlyCount "113"]
[EventDate "2010.01.26"]
[EventType "tourn"]
[EventRounds "9"]
[EventCountry "CAN"]

1. e4 c5 2. Nc3 a6 3. Nge2 Nc6 4. g3 b5 5. Bg2 Bb7 6. O-O e6 7. d3 b4 8. Na4
Nf6 9. f4 d5 10. e5 Ng8 11. d4 cxd4 12. f5 exf5 13. Rxf5 Nge7 14. Rf2 Ng6 15.
Nxd4 Ngxe5 16. Bf4 Ng6 17. Qe1+ Be7 18. Nc5 Nxd4 19. Nxb7 Qb6 20. Nd6+ Kf8 21.
Nxf7 Nxf4 22. Nxh8 Nxc2 23. Qd2 Nxa1 24. Qxf4+ Bf6 25. Bxd5 Rd8 26. Be4 Qd4 27.
Bxh7 Qxf4 28. Ng6+ Kf7 29. Rxf4 Rd1+ 30. Kg2 Rd2+ 31. Kh3 Rxb2 32. Ne5+ Ke6 33.
Nd3 Rd2 34. Rxb4 a5 35. Rb5 Bc3 36. Nc5+ Ke7 37. Rb7+ Kd6 38. Ne4+ Kc6 39. Rb1
Rxa2 40. Nxc3 Ra3 41. Nb5 Ra4 42. Kg2 Ra2+ 43. Kf3 Rxh2 44. Be4+ Kc5 45. Rxa1
Kxb5 46. Rb1+ Kc4 47. Rb7 g5 48. Kg4 Kd4 49. Bf5 Rg2 50. Ra7 Ra2 51. Kxg5 a4
52. Kf6 a3 53. g4 Kc3 54. g5 Ra1 55. Be6 Rf1+ 56. Kg7 Kb2 57. g6 1-0

[Event "Toronto Closed"]
[Site "Toronto CAN"]
[Date "2010.03.16"]
[Round "8"]
[White "Semyonov, Vladimir"]
[Black "Casareno, Erwin"]
[Result "1/2-1/2"]
[WhiteElo "2053"]
[BlackElo "2181"]
[PlyCount "137"]
[EventDate "2010.01.26"]
[EventType "tourn"]
[EventRounds "9"]
[EventCountry "CAN"]

1. e4 c5 2. c3 d5 3. exd5 Qxd5 4. d4 Nf6 5. Nf3 Bg4 6. dxc5 Qxc5 7. Be3 Qc7 8.
Bb5+ Nbd7 9. Nbd2 e6 10. Qa4 Bd6 11. Bxd7+ Qxd7 12. Qxd7+ Nxd7 13. h3 Bf5 14.
Nc4 Bb8 15. O-O-O Ke7 16. Rd2 Rc8 17. Rhd1 Nc5 18. Nd6 Bxd6 19. Rxd6 Be4 20.
R6d4 Bd5 21. Kb1 b5 22. Ne1 a5 23. f3 Rab8 24. Bf4 Rb7 25. Nc2 Na4 26. Ne3 Bc6
27. Bd6+ Ke8 28. Rg4 f6 29. Rgd4 Nb6 30. b3 Bd5 31. Kb2 a4 32. Re1 Kf7 33. Bb4
Bc6 34. Rdd1 h5 35. Ba5 Nd7 36. Bb4 Ne5 37. Nc2 g5 38. Bd6 Ng6 39. Nb4 Nh4 40.
Nxc6 Rxc6 41. g4 Nxf3 42. Rf1 hxg4 43. hxg4 Nh4 44. Be5 f5 45. Bg3 Kg6 46. Bxh4
gxh4 47. gxf5+ exf5 48. Rd4 Kg5 49. Rg1+ Kh5 50. Rh1 axb3 51. Rhxh4+ Kg5 52.
axb3 Rbc7 53. c4 b4 54. Kc2 Re7 55. Rh8 Re2+ 56. Rd2 Re3 57. Rd3 Rce6 58. c5
Re2+ 59. Rd2 Rxd2+ 60. Kxd2 Rc6 61. Rb8 Rxc5 62. Rxb4 f4 63. Rb8 Kg4 64. Ke2
Rc2+ 65. Kd3 Rb2 66. b4 Kf3 67. b5 Kf2 68. Kc4 f3 69. Kc5 1/2-1/2

[Event "Toronto Closed"]
[Site "Toronto CAN"]
[Date "2010.04.06"]
[Round "9"]
[White "Casareno, Erwin"]
[Black "Sapozhnikov, Roman"]
[Result "0-1"]
[WhiteElo "2181"]
[BlackElo "2456"]
[PlyCount "72"]
[EventDate "2010.01.26"]
[EventType "tourn"]
[EventRounds "9"]
[EventCountry "CAN"]

1. e4 c5 2. Nf3 d6 3. d4 cxd4 4. Nxd4 Nf6 5. Nc3 Nc6 6. Bg5 e6 7. Qd2 a6 8.
O-O-O Bd7 9. f4 Be7 10. Nxc6 Bxc6 11. Bd3 h6 12. Bxf6 Bxf6 13. Kb1 Qb6 14. Rhe1
Qc5 15. Nd5 Bxd5 16. exd5 Qxd5 17. Qb4 Qc5 18. Rxe6+ fxe6 19. Bg6+ Kf8 20. Qxb7
Qa7 21. Qe4 Rb8 22. Qxe6 Qe7 23. Rxd6 Qxe6 24. Rxe6 Bxb2 25. c4 Be5+ 26. Kc2
Bxf4 27. g3 Bc7 28. c5 h5 29. Rxa6 Rh6 30. Re6 Be5 31. c6 Rxg6 32. Rxg6 Bf6 33.
Kd3 Kf7 34. Rxf6+ Kxf6 35. Kd4 Ke7 36. Kc5 Kd8 0-1

[Event "Toronto Closed"]
[Site "Toronto CAN"]
[Date "2010.04.06"]
[Round "9"]
[White "Frilles, Ruperto"]
[Black "Barron, Michael"]
[Result "0-1"]
[WhiteElo "2192"]
[BlackElo "2368"]
[PlyCount "68"]
[EventDate "2010.01.26"]
[EventType "tourn"]
[EventRounds "9"]
[EventCountry "CAN"]

1. c4 f5 2. d4 Nf6 3. g3 g6 4. Bg2 Bg7 5. Nc3 d6 6. Nf3 O-O 7. O-O Qe8 8. b3 e5
9. dxe5 dxe5 10. Ba3 Rf7 11. Qc2 e4 12. Ng5 Rd7 13. Rad1 h6 14. Nh3 g5 15. Kh1
Nc6 16. Nb5 a6 17. Rxd7 Qxd7 18. Rd1 Qf7 19. Nc3 Ng4 20. Nd5 Be6 21. f3 exf3
22. exf3 Bxd5 23. cxd5 Ne3 24. Qd2 Nxd1 25. dxc6 Nc3 26. cxb7 Re8 27. f4 Ne4
28. Qc2 Bd4 29. Bxe4 fxe4 30. b8=Q Rxb8 31. Qxe4 c5 32. Kg2 g4 33. Ng1 Re8 34.
Qc6 Re1 0-1

[Event "Toronto Closed"]
[Site "Toronto CAN"]
[Date "2010.04.06"]
[Round "9"]
[White "Kimelman, Michael"]
[Black "Calugar, Arthur"]
[Result "0-1"]
[WhiteElo "2249"]
[BlackElo "2340"]
[PlyCount "86"]
[EventDate "2010.01.26"]
[EventType "tourn"]
[EventRounds "9"]
[EventCountry "CAN"]

1. e4 c5 2. Nf3 Nc6 3. d4 cxd4 4. Nxd4 e6 5. c4 Nf6 6. Nc3 Bb4 7. Qd3 O-O 8.
Bd2 d5 9. cxd5 exd5 10. Nxc6 bxc6 11. exd5 Re8+ 12. Be2 a5 13. Be3 Nxd5 14.
O-O-O Nxc3 15. Qxd8 Nxe2+ 16. Kc2 Bf5+ 17. Qd3 Bxd3+ 18. Kxd3 f5 19. a3 Bf8 20.
g3 g5 21. f4 Re4 22. fxg5 Rae8 23. Bb6 f4 24. Bc7 fxg3 25. hxg3 Nxg3 26. Rh3
Nf5 27. Bxa5 Rd4+ 28. Kc2 Re2+ 29. Rd2 Rdxd2+ 30. Bxd2 Rg2 31. Kd3 Be7 32. a4
Bxg5 33. Bc3 Rg1 34. Kc4 Rg4+ 35. Kb3 Nd4+ 36. Ka2 h6 37. Rd3 Bf6 38. a5 Kg7
39. a6 Nb5 40. Rd7+ Kg6 41. Kb3 Bxc3 42. bxc3 Rg3 43. Rd6+ Nxd6 0-1

[Event "Toronto Closed"]
[Site "Toronto CAN"]
[Date "2010.04.06"]
[Round "9"]
[White "Plotkin, Victor"]
[Black "Semyonov, Vladimir"]
[Result "1-0"]
[WhiteElo "2384"]
[BlackElo "2053"]
[PlyCount "49"]
[EventDate "2010.01.26"]
[EventType "tourn"]
[EventRounds "9"]
[EventCountry "CAN"]

1. Nf3 d5 2. g3 c6 3. Bg2 Bg4 4. O-O Nd7 5. d4 e6 6. Nbd2 Ngf6 7. Re1 Be7 8. c3
O-O 9. Qb3 Qb6 10. e4 Qxb3 11. axb3 c5 12. exd5 Nxd5 13. Nc4 cxd4 14. Nxd4 Bc5
15. Ne3 N7f6 16. Nxg4 Nxg4 17. h3 Bxd4 18. hxg4 Bb6 19. Bxd5 exd5 20. Be3 f6
21. Bxb6 axb6 22. Rad1 Rad8 23. Re6 d4 24. cxd4 b5 25. d5 1-0

[Event "Toronto Closed"]
[Site "Toronto CAN"]
[Date "2010.04.06"]
[Round "9"]
[White "Shebetah, Wajdy"]
[Black "Kleinman, Michael"]
[Result "1-0"]
[WhiteElo "2226"]
[BlackElo "2154"]
[PlyCount "115"]
[EventDate "2010.01.26"]
[EventType "tourn"]
[EventRounds "9"]
[EventCountry "CAN"]

1. d4 Nf6 2. Bf4 d5 3. e3 c5 4. c3 Nc6 5. Nd2 Bf5 6. Ngf3 Qb6 7. Qb3 c4 8. Qxb6
axb6 9. a3 b5 10. Rc1 h6 11. h3 e6 12. Be2 Be7 13. O-O Nd7 14. Bd1 f6 15. Re1
e5 16. Bg3 e4 17. Nh4 Bh7 18. Bh5+ Kd8 19. Ng6 Rg8 20. f3 Nf8 21. Nxe7 Kxe7 22.
fxe4 dxe4 23. Rf1 g6 24. Be2 f5 25. d5 Nd8 26. Rcd1 Nd7 27. d6+ Ke6 28. Nxe4
Nc6 29. Nd2 Nde5 30. Nf3 Rgd8 31. Nd4+ Nxd4 32. exd4 Nf7 33. Rfe1 Kf6 34. Be5+
Ke6 35. Bf4 Kf6 36. Bf3 Nxd6 37. Be5+ Ke7 38. Bg7+ Kd7 39. Bxh6 Re8 40. Re5 Nf7
41. Rd5+ Nd6 42. Bf4 Ra6 43. Be5 Bg8 44. Rxd6+ Rxd6 45. Bxd6 Kxd6 46. Kf2 b6
47. Re1 Be6 48. Re5 Bd7 49. Rxe8 Bxe8 50. h4 Ke6 51. Ke3 Bd7 52. Kf4 Kf6 53. d5
Bc8 54. g4 Bd7 55. gxf5 gxf5 56. h5 Be8 57. h6 Kg6 58. Bh5+ 1-0

[Event "Toronto Closed reserves"]
[Site "Toronto CAN"]
[Date "2010.01.26"]
[Round "1"]
[White "Bellomo, Joe"]
[Black "Zator, Ed"]
[Result "0-1"]
[WhiteElo "1778"]
[BlackElo "1911"]
[PlyCount "112"]
[EventDate "2010.01.26"]
[EventType "tourn"]
[EventRounds "7"]
[EventCountry "CAN"]

1. e4 c5 2. Nf3 d6 3. d4 cxd4 4. Nxd4 Nf6 5. Nc3 a6 6. Be2 e5 7. Nb3 Be6 8. O-O
Be7 9. Be3 O-O 10. Kh1 Nbd7 11. f4 exf4 12. Bxf4 Ne5 13. Nd4 Bd7 14. Nf5 Bxf5
15. exf5 Qa5 16. Bg5 Qb4 17. Bxf6 Bxf6 18. Nd5 Qh4 19. Rf4 Qh6 20. Nxf6+ Qxf6
21. Qd5 g5 22. Rff1 b5 23. Rad1 Rfd8 24. Qe4 Rac8 25. Rd5 Rc6 26. Rfd1 Rdc8 27.
c3 Kg7 28. g4 R8c7 29. Qb4 Nc4 30. Bxc4 Rxc4 31. Qxd6 Qxd6 32. Rxd6 Rxg4 33.
f6+ Kg6 34. Rxa6 Rc5 35. Rad6 Rf5 36. Rg1 Re4 37. Rd2 Rxf6 38. Rdg2 h6 39. Rd1
Re5 40. b3 Rfe6 41. Rgd2 f5 42. Rd6 f4 43. Rxe6+ Rxe6 44. Rd5 g4 45. Rd2 f3 46.
Kg1 Re5 47. c4 bxc4 48. bxc4 h5 49. a4 h4 50. Rd6+ Kf7 51. Rd4 Re1+ 52. Kf2
Re2+ 53. Kg1 Rg2+ 54. Kf1 Ke6 55. a5 g3 56. Rxh4 Rxh2 0-1

[Event "Toronto Closed reserves"]
[Site "Toronto CAN"]
[Date "2010.01.26"]
[Round "1"]
[White "Florea, Alexandru"]
[Black "Cheron, Anthony"]
[Result "1-0"]
[WhiteElo "2035"]
[BlackElo "1925"]
[PlyCount "67"]
[EventDate "2010.01.26"]
[EventType "tourn"]
[EventRounds "7"]
[EventCountry "CAN"]

1. e4 d6 2. d4 e5 3. dxe5 dxe5 4. Qxd8+ Kxd8 5. Nf3 f6 6. Be3 g6 7. Nc3 c6 8.
Bc4 Bh6 9. Rd1+ Ke8 10. Bxg8 Bxe3 11. Bxh7 Bxf2+ 12. Kxf2 Rxh7 13. Rd6 Ke7 14.
Rhd1 Nd7 15. Na4 Rh8 16. b3 Nb6 17. Nb2 Bg4 18. h3 Bxf3 19. Kxf3 Nd5 20. Nc4 b5
21. exd5 bxc4 22. dxc6 Rhd8 23. Rxd8 Rxd8 24. Rxd8 Kxd8 25. b4 f5 26. g4 e4+
27. Ke3 Kc7 28. b5 Kd6 29. gxf5 gxf5 30. h4 Ke5 31. c7 f4+ 32. Ke2 Kd4 33. c8=Q
f3+ 34. Kf2 1-0

[Event "Toronto Closed reserves"]
[Site "Toronto CAN"]
[Date "2010.01.26"]
[Round "1"]
[White "Stein, Mickey"]
[Black "Chernik, Dmitry"]
[Result "0-1"]
[WhiteElo "2038"]
[BlackElo "1801"]
[PlyCount "98"]
[EventDate "2010.01.26"]
[EventType "tourn"]
[EventRounds "7"]
[EventCountry "CAN"]

1. e4 c5 2. Nf3 d6 3. d4 cxd4 4. Nxd4 Nf6 5. Nc3 a6 6. Be3 e6 7. Qd2 Be7 8. f3
Nc6 9. O-O-O Qc7 10. Kb1 b5 11. Ndxb5 axb5 12. Nxb5 Qa5 13. Qxa5 Rxa5 14. Nxd6+
Bxd6 15. Rxd6 Bd7 16. Be2 Ke7 17. Rhd1 Rha8 18. a3 Rb8 19. Kc1 Be8 20. R6d2 Nb4
21. Bc4 h6 22. Rf2 Rc8 23. Bd2 Rxc4 24. Bxb4+ Rxb4 25. axb4 Ra1+ 26. Kd2 Ra2
27. Kc3 Bb5 28. Rc1 Ra6 29. b3 Nd7 30. Kb2 Ne5 31. Rd2 Rc6 32. Rd4 Be2 33. Re1
Bxf3 34. gxf3 Nxf3 35. Red1 Nxd4 36. Rxd4 f5 37. exf5 exf5 38. b5 Rb6 39. c4 g5
40. Kc3 f4 41. Rd2 g4 42. Kb4 f3 43. c5 Rf6 44. Rf2 Kd7 45. Kc4 h5 46. Kd5 Rf5+
47. Kd4 h4 48. Rd2 Kc8 49. Ke4 f2 0-1

[Event "Toronto Closed reserves"]
[Site "Toronto CAN"]
[Date "2010.02.02"]
[Round "2"]
[White "Chernik, Dmitry"]
[Black "Bellomo, Joe"]
[Result "0-1"]
[WhiteElo "1801"]
[BlackElo "1778"]
[PlyCount "84"]
[EventDate "2010.01.26"]
[EventType "tourn"]
[EventRounds "7"]
[EventCountry "CAN"]

1. e4 c5 2. Nf3 d6 3. d4 cxd4 4. Nxd4 Nf6 5. Nc3 a6 6. Be3 Ng4 7. Bc4 Nxe3 8.
fxe3 e6 9. O-O Qc7 10. Bb3 Nc6 11. Qe2 Nxd4 12. exd4 Be7 13. Rf3 O-O 14. Raf1
b5 15. Qf2 Bg5 16. h4 Bh6 17. a3 g6 18. h5 Bg7 19. hxg6 hxg6 20. Rh3 Qe7 21.
Qe3 Bb7 22. d5 e5 23. Kf2 Bc8 24. Rh2 f5 25. exf5 Rxf5+ 26. Ke2 Rxf1 27. Kxf1
Bg4 28. g3 Rf8+ 29. Rf2 Rxf2+ 30. Qxf2 Qg5 31. Ne4 Bh3+ 32. Kg1 Qe7 33. c4 Bf5
34. Qf3 Qa7+ 35. Qf2 Qc7 36. Nxd6 Qxd6 37. c5 Qd8 38. c6 Qd6 39. c7 Bf8 40.
Qxf5 gxf5 41. c8=Q Qc5+ 42. Kg2 Qxc8 0-1

[Event "Toronto Closed reserves"]
[Site "Toronto CAN"]
[Date "2010.02.02"]
[Round "2"]
[White "Cheron, Anthony"]
[Black "Armstrong, Robert J"]
[Result "1-0"]
[WhiteElo "1925"]
[BlackElo "1746"]
[PlyCount "73"]
[EventDate "2010.01.26"]
[EventType "tourn"]
[EventRounds "7"]
[EventCountry "CAN"]

1. d3 Nf6 2. e4 d6 3. g3 g6 4. f3 Bg7 5. Bh3 O-O 6. Bxc8 Qxc8 7. Kf1 e5 8. Kg2
Nc6 9. c3 Nh5 10. g4 Nf4+ 11. Bxf4 exf4 12. Nh3 f5 13. gxf5 gxf5 14. Rg1 fxe4
15. dxe4 Kh8 16. Nf2 Rf6 17. Kh1 Qe6 18. Na3 Ne5 19. Qe2 Rg8 20. Ng4 Rg6 21.
Nxe5 Bxe5 22. Rxg6 Qxg6 23. Nc2 c5 24. Qf2 Qh5 25. Rd1 b5 26. Ne1 Qh3 27. Nd3
Qe6 28. a3 a5 29. Rg1 Qc4 30. Rxg8+ Kxg8 31. Qe2 b4 32. axb4 cxb4 33. cxb4 axb4
34. Kg2 Bxb2 35. Qd1 Qd4 36. Qb3+ Kf8 37. Nxb2 1-0

[Event "Toronto Closed reserves"]
[Site "Toronto CAN"]
[Date "2010.02.02"]
[Round "2"]
[White "Florea, Alexandru"]
[Black "Stein, Mickey"]
[Result "1/2-1/2"]
[WhiteElo "2035"]
[BlackElo "2038"]
[PlyCount "56"]
[EventDate "2010.01.26"]
[EventType "tourn"]
[EventRounds "7"]
[EventCountry "CAN"]

1. e4 c5 2. f4 d5 3. exd5 Nf6 4. Bb5+ Nbd7 5. c4 g6 6. Nf3 Bg7 7. O-O O-O 8.
Bxd7 Bxd7 9. d3 e6 10. dxe6 Bxe6 11. Nc3 Re8 12. Ne5 Nd7 13. Nxd7 Qxd7 14. Ne4
Bf5 15. Qf3 Qd4+ 16. Nf2 Rad8 17. Rd1 Re7 18. Bd2 b6 19. Bc3 Qe3 20. Qxe3 Rxe3
21. g4 Bc8 22. Re1 Rde8 23. Ne4 Rxe1+ 24. Rxe1 Kf8 25. Kf2 Bxc3 26. Nxc3 Rxe1
27. Kxe1 Bxg4 28. Kf2 Bd7 1/2-1/2

[Event "Toronto Closed reserves"]
[Site "Toronto CAN"]
[Date "2010.02.09"]
[Round "3"]
[White "Armstrong, Robert J"]
[Black "Zator, Ed"]
[Result "1-0"]
[WhiteElo "1746"]
[BlackElo "1911"]
[PlyCount "61"]
[EventDate "2010.01.26"]
[EventType "tourn"]
[EventRounds "7"]
[EventCountry "CAN"]

1. d4 Nf6 2. c4 e6 3. Nf3 b6 4. e3 Bb7 5. Bd3 d5 6. O-O Bd6 7. Nc3 O-O 8. b3
Nbd7 9. Bb2 a6 10. Qc2 c5 11. e4 cxd4 12. Nxd4 dxc4 13. bxc4 Nc5 14. Rad1 Ng4
15. Nf3 Qc7 16. e5 Bxe5 17. Bxh7+ Kh8 18. Be4 Bxh2+ 19. Kh1 f5 20. Bxb7 Qxb7
21. Nxh2 Rf6 22. Nxg4 fxg4 23. Bc1 Rf5 24. Ne2 Rh5+ 25. Kg1 Qf7 26. Ng3 Rh7 27.
Rd4 Nd7 28. Rfd1 Nf6 29. Rd8+ Rxd8 30. Rxd8+ Ne8 31. Qe4 1-0

[Event "Toronto Closed reserves"]
[Site "Toronto CAN"]
[Date "2010.02.09"]
[Round "3"]
[White "Bellomo, Joe"]
[Black "Florea, Alexandru"]
[Result "0-1"]
[WhiteElo "1778"]
[BlackElo "2035"]
[PlyCount "85"]
[EventDate "2010.01.26"]
[EventType "tourn"]
[EventRounds "7"]
[EventCountry "CAN"]

1. e4 c5 2. Nf3 d6 3. d4 cxd4 4. Nxd4 Nf6 5. Nc3 g6 6. Be2 Bg7 7. Be3 O-O 8.
O-O Nc6 9. Qd2 a6 10. Nxc6 bxc6 11. Bh6 Bxh6 12. Qxh6 Bg4 13. Bc4 d5 14. e5 Nd7
15. Bb3 Nxe5 16. Qf4 Qd6 17. Kh1 Be6 18. Rad1 Nc4 19. Qc1 Nb6 20. Ne4 Qb4 21.
Ng5 Bf5 22. Qe3 Nd7 23. Rd4 Qd6 24. Nxh7 Kxh7 25. Rh4+ Kg7 26. Qh6+ Kf6 27. f4
Nc5 28. Qg5+ Ke6 29. Re1+ Kd7 30. Rh7 Ne4 31. Qh4 Qf6 32. g4 Qxh4 33. Rxh4 Bxg4
34. Kg2 Be6 35. c3 Rh8 36. Rxh8 Rxh8 37. Bd1 Rh4 38. Be2 Rxf4 39. Bxa6 Rf2+ 40.
Kg1 Bh3 41. Bf1 Rxf1+ 42. Rxf1 Bxf1 43. Kxf1 0-1

[Event "Toronto Closed reserves"]
[Site "Toronto CAN"]
[Date "2010.03.07"]
[Round "3"]
[White "Stein, Mickey"]
[Black "Cheron, Anthony"]
[Result "0-1"]
[WhiteElo "2038"]
[BlackElo "1925"]
[PlyCount "100"]
[EventDate "2010.01.26"]
[EventType "tourn"]
[EventRounds "7"]
[EventCountry "CAN"]

1. e4 d6 2. d4 e5 3. Nf3 f6 4. c4 Bg4 5. Be3 g6 6. Qd2 c5 7. d5 h5 8. Nc3 Bh6
9. h3 Bd7 10. Bd3 Bxe3 11. Qxe3 h4 12. O-O-O Qe7 13. Nd2 Qh7 14. Rhf1 Qh6 15.
Rde1 Qxe3 16. Rxe3 g5 17. f3 Ne7 18. Ree1 Ng6 19. Ne2 Na6 20. a3 Nc7 21. Nb1
Kf7 22. Nbc3 Ne8 23. Kd2 Ng7 24. b4 b6 25. b5 a5 26. a4 Nh5 27. Rg1 Rag8 28.
Nd1 Ngf4 29. Nxf4 gxf4 30. Nf2 Rg3 31. Nh1 Rg5 32. Nf2 Rhg8 33. Ng4 R8g6 34.
Ke2 Bxg4 35. hxg4 Ng3+ 36. Kf2 Rg8 37. Bf1 R5g7 38. Ra1 Kg6 39. Re1 Kg5 40. Ra1
Rh8 41. Re1 Rgh7 42. Ra1 h3 43. gxh3 Nxf1 44. Raxf1 Rxh3 45. Rg2 Rh2 46. Rfg1
R8h3 47. Rf1 Kh4 48. Rfg1 Rxg2+ 49. Rxg2 Rh1 50. Ke2 Kh3 0-1

[Event "Toronto Closed reserves"]
[Site "Toronto CAN"]
[Date "2010.02.16"]
[Round "4"]
[White "Chernik, Dmitry"]
[Black "Armstrong, Robert J"]
[Result "1-0"]
[WhiteElo "1801"]
[BlackElo "1746"]
[PlyCount "83"]
[EventDate "2010.01.26"]
[EventType "tourn"]
[EventRounds "7"]
[EventCountry "CAN"]

1. e4 g6 2. d4 Bg7 3. f4 d6 4. Nf3 Nf6 5. Nc3 O-O 6. Bd3 c5 7. d5 Na6 8. O-O
Bd7 9. Qe2 Nc7 10. Bd2 b5 11. e5 Nfxd5 12. Nxd5 Nxd5 13. Bxb5 Bxb5 14. Qxb5 Rb8
15. Qc4 Nb4 16. a3 Nc6 17. Bc3 Qb6 18. exd6 exd6 19. Bxg7 Kxg7 20. b3 Na5 21.
Qc3+ Kg8 22. Kh1 d5 23. Ne5 Rbd8 24. Rae1 d4 25. Qh3 Qc7 26. Ng4 f5 27. Ne5 c4
28. bxc4 Nxc4 29. Qb3 Rc8 30. Rd1 Kg7 31. Rxd4 Nxe5 32. fxe5 Qxe5 33. Rd7+ Kh8
34. Qb7 h5 35. Qa6 Qf6 36. Rd6 Qf7 37. Rxg6 Rxc2 38. Rg5 Qh7 39. Qd6 Rg8 40.
Qe5+ Rg7 41. h4 Rc8 42. Rfxf5 1-0

[Event "Toronto Closed reserves"]
[Site "Toronto CAN"]
[Date "2010.02.16"]
[Round "4"]
[White "Cheron, Anthony"]
[Black "Zator, Ed"]
[Result "1-0"]
[WhiteElo "1925"]
[BlackElo "1911"]
[PlyCount "71"]
[EventDate "2010.01.26"]
[EventType "tourn"]
[EventRounds "7"]
[EventCountry "CAN"]

1. d3 f5 2. f3 e5 3. e4 f4 4. g3 Bc5 5. Bh3 Nc6 6. c3 g5 7. Bf5 Qf6 8. Qe2 Nge7
9. g4 Qh6 10. Qg2 Qh4+ 11. Ke2 b5 12. Bd2 b4 13. Be1 bxc3 14. bxc3 Qh6 15. Nd2
Ba6 16. Nb3 Bb6 17. Qh3 Qf6 18. Qh5+ Ng6 19. Nh3 O-O-O 20. Nxg5 Qd6 21. Rd1
Rdf8 22. Qh6 Qa3 23. Rd2 Be3 24. Rc2 Bxd3+ 25. Kxd3 Qa6+ 26. c4 Rf6 27. Ke2 Rd6
28. Qg7 Re8 29. Qf7 Re7 30. Qg8+ Kb7 31. Bd2 Nd4+ 32. Nxd4 Rxd4 33. Rb1+ Kc6
34. Qa8+ Kc5 35. Rb5+ Kd6 36. c5# 1-0

[Event "Toronto Closed reserves"]
[Site "Toronto CAN"]
[Date "2010.02.16"]
[Round "4"]
[White "Stein, Mickey"]
[Black "Bellomo, Joe"]
[Result "1/2-1/2"]
[WhiteElo "2038"]
[BlackElo "2778"]
[PlyCount "119"]
[EventDate "2010.01.26"]
[EventType "tourn"]
[EventRounds "7"]
[EventCountry "CAN"]

1. e4 c5 2. Nf3 d6 3. d4 cxd4 4. Nxd4 Nf6 5. Nc3 a6 6. Be3 Qc7 7. f3 b5 8. Qd2
e5 9. Nb3 Be6 10. g4 Nbd7 11. g5 Nh5 12. Nd5 Bxd5 13. Qxd5 Rc8 14. Bh3 Be7 15.
Bg4 g6 16. Bxh5 gxh5 17. h4 Nb6 18. Bxb6 Qxb6 19. Qd2 O-O 20. O-O-O Rc4 21. Kb1
Rfc8 22. Rc1 b4 23. Qe2 a5 24. Rhd1 a4 25. Nd2 Rd4 26. Nf1 Rxd1 27. Rxd1 b3 28.
cxb3 axb3 29. axb3 Qxb3 30. Qd3 Qa4 31. Ne3 Ra8 32. Nd5 Qa2+ 33. Kc2 Rc8+ 34.
Nc3 Qa7 35. Kb1 Ra8 36. Qd5 Rb8 37. Qa2 Qf2 38. Nd5 Bd8 39. Qa3 Kh8 40. Rc1 Qd4
41. Qc3 Qf2 42. f4 Qxh4 43. fxe5 Qxe4+ 44. Rc2 Qxd5 45. e6+ Kg8 46. exf7+ Qxf7
47. Qe3 Qg7 48. Qe6+ Kh8 49. Qxd6 Ra8 50. Qd5 Qa7 51. Qe5+ Kg8 52. Qd5+ Kg7 53.
Qe5+ Kg8 54. Qd5+ Kf8 55. Qf3+ Ke8 56. Re2+ Be7 57. Qxh5+ Kf8 58. Qf3+ Ke8 59.
Qc6+ Kf7 60. Qf3+ 1/2-1/2

[Event "Toronto Closed reserves"]
[Site "Toronto CAN"]
[Date "2010.02.23"]
[Round "5"]
[White "Armstrong, Robert J"]
[Black "Florea, Alexandru"]
[Result "0-1"]
[WhiteElo "1746"]
[BlackElo "2035"]
[PlyCount "88"]
[EventDate "2010.01.26"]
[EventType "tourn"]
[EventRounds "7"]
[EventCountry "CAN"]

1. d4 Nf6 2. c4 e6 3. Nf3 d5 4. e3 Bd6 5. Bd3 O-O 6. O-O dxc4 7. Bxc4 b6 8. Nc3
Bb7 9. b3 Nbd7 10. Bb2 e5 11. d5 e4 12. Nd4 Ne5 13. Nf5 a6 14. a4 Qc8 15. Nxd6
cxd6 16. Qe2 Qd7 17. Rfd1 Rfc8 18. Rac1 Qf5 19. Ba3 Ne8 20. Nb1 Qg6 21. Kh1 f5
22. Bb2 Nd7 23. b4 Nc7 24. Na3 a5 25. Nb5 axb4 26. Nxc7 Rxc7 27. Bb5 Nc5 28.
Qe1 Qf7 29. Qxb4 Ba6 30. Ra1 Bxb5 31. axb5 Rxa1 32. Bxa1 Nd3 33. Qxd6 h6 34.
Qd8+ Kh7 35. Kg1 Rc2 36. Rf1 Nc1 37. d6 Ne2+ 38. Kh1 f4 39. Qxb6 f3 40. g3 Qh5
41. h4 Qg4 42. Kh2 Nxg3 43. Qd4 Nxf1+ 44. Kh1 Qg2# 0-1

[Event "Toronto Closed reserves"]
[Site "Toronto CAN"]
[Date "2010.02.23"]
[Round "5"]
[White "Bellomo, Joe"]
[Black "Cheron, Anthony"]
[Result "0-1"]
[WhiteElo "1778"]
[BlackElo "1925"]
[PlyCount "168"]
[EventDate "2010.01.26"]
[EventType "tourn"]
[EventRounds "7"]
[EventCountry "CAN"]

1. e4 d6 2. d4 e5 3. dxe5 dxe5 4. Qxd8+ Kxd8 5. Nf3 f6 6. Nc3 c6 7. Be3 g6 8.
O-O-O+ Kc7 9. h3 Bh6 10. Bxh6 Nxh6 11. Bc4 b5 12. Bb3 a5 13. a3 Na6 14. Nd2 Nc5
15. f3 Ba6 16. Ncb1 Rad8 17. Rhe1 Rd4 18. Re3 Rhd8 19. Rc3 Kb6 20. Re1 b4 21.
axb4 axb4 22. Rce3 Nb7 23. c3 bxc3 24. bxc3 Rd3 25. Rxd3 Bxd3 26. Nc4+ Bxc4 27.
Bxc4 Kc5 28. Bf1 Nf7 29. Kc2 Nfd6 30. Nd2 Ra8 31. Nb3+ Kb6 32. Rb1 Ra2+ 33. Kc1
Kc7 34. Rb2 Rxb2 35. Kxb2 Kb6 36. Nd2 g5 37. Nc4+ Nxc4+ 38. Bxc4 h5 39. Kc2 h4
40. Kd2 Kc5 41. Bg8 Kd6 42. Ke2 Nc5 43. Bc4 Na4 44. Kd2 Nb6 45. Bb3 Nd7 46. Ke2
Nf8 47. Kf2 Ng6 48. g3 hxg3+ 49. Kxg3 Nf4 50. Bc4 Kc5 51. Bf1 Ne6 52. Kg4 Kd6
53. Kf5 Ke7 54. Bc4 Nc5 55. Bf1 Na4 56. c4 c5 57. Kg4 Nc3 58. Kg3 Nd1 59. Be2
Ne3 60. Kf2 Nc2 61. Bd1 Nd4 62. Ba4 Kf8 63. Ke3 Ne6 64. Bd7 Nf4 65. Bg4 Ke7 66.
Kd2 Kd6 67. Kc3 Kc6 68. Kb3 Kb6 69. Ka4 Ne2 70. Kb3 Ka5 71. f4 Nxf4 72. Bf5 Ne2
73. Kc2 Kb4 74. Kd3 Nf4+ 75. Ke3 Kxc4 76. Kf3 Kd4 77. Bh7 c4 78. Bg8 c3 79. Bb3
Nxh3 80. Kg4 Nf2+ 81. Kf5 Nxe4 82. Bc2 Nd6+ 83. Kxf6 g4 84. Kg5 g3 0-1